El libro de los sacrificios / (Record no. 23521)

000 -CABECERA
fixed length control field 00698nam a22002057i 4500
003 - IDENTIFICADOR DEL NÚMERO DE CONTROL
control field AR-CdUCM
008 - DATOS DE LONGITUD FIJA--INFORMACIÓN GENERAL
fixed length control field 260205b20232023 pe||||| |||| 00| 0 spa d
020 ## - NÚMERO INTERNACIONAL ESTÁNDAR DEL LIBRO
ISBN 978-612-4297-81-6
040 ## - FUENTE DE LA CATALOGACIÓN
Agencia/entidad que catalogó originalmente la obra MUNICIPALIDAD PROVINCIAL DEL CUSCO
Entidad que transcribió la catalogación BIBLIOTECA MUNICIPAL DEL CUSCO
082 ## - NÚMERO DE LA CLASIFICACIÓN DECIMAL DEWEY
No. de Clasificación ES / 869.56
Notacion interna S2543L
100 ## - ENTRADA PRINCIPAL--NOMBRE DE PERSONA
Nombre Personal Santiago Flores, Jorge
245 ## - MENCIÓN DE TÍTULO
Título El libro de los sacrificios /
260 ## - PUBLICACIÓN, DISTRIBUCIÓN, ETC.
Lugar de publicación, distribución, etc. Puente Piedra Lima :
Nombre de la editorial, distribuidor, etc. Grupo Pakarina S.A.C.
Fecha de publicación, distribución, etc. 2023
300 ## - DESCRIPCIÓN FÍSICA
Nº de Páginas Extensión 94 páginas. :
Dimensiones 21x15 cm.
505 ## - NOTA DE CONTENIDO CON FORMATO
Nota de contenido formateada Felinos -- El huésped -- Vuelta a empezar -- La fama -- Marcio -- El ciervo
856 ## - LOCALIZACIÓN Y ACCESO ELECTRÓNICOS
Dirección electrónica www.pakarinaediciones.org
942 ## - ELEMENTOS DE PUNTO DE ACCESO ADICIONAL (KOHA)
Fuente de clasificación
Tipo de item Libros-BMC
945 ## - PROCESAMIENTO DE INFORMACIÓN LOCAL (OCLC)
Catalogador pbjr
AAAA-MM-DD - Fecha de ingreso o modificacion 05-02-2026
Holdings
Estado de retiro (separado) Fuente de clasificación o esquema de estanterías Estado dañado Ubicación Sala donde se ubica Nombre de la colección Fecha de adquisición o compra Fuente de adquisición Costo, precio normal en soles Signatura topográfica Código de Barras Última vez visto (Koha) Tipo de ítem (Koha)
No     Sala de Infantes Sala de Infantes Book Cart 2026-02-05 Donación 10.00 ES / 869.56 / S2543L SI00005061 2026-02-05 Libros-BMC

Powered by Koha